| 000 | 00764nam a2200241Ia 4500 | ||
|---|---|---|---|
| 003 | OSt | ||
| 005 | 20220926022235.0 | ||
| 006 | a|||||r|||| 00| 0 | ||
| 007 | ta | ||
| 008 | 220923b |||||||| |||| 00| 0 eng d | ||
| 037 | _cGeneral Book | ||
| 040 |
_aRTL _cRTL _beng |
||
| 041 |
_2eng _aeng |
||
| 082 | _aVIN45,933:8.N64, K4/UN | ||
| 110 |
_aUNITED NATIONS, ECONOMIC AND SOCIAL COUNCIL, OFFICIAL RECORDS _9326150 |
||
| 245 | 0 | _aResolutions (13 July--15 Aug 1964) | |
| 260 |
_aNew York _bUnited Nations _c1964 |
||
| 300 |
_aviii,41p _ccm. |
||
| 500 | _asupp.No.1 | ||
| 700 |
_aUNITED NATIONS, ECONOMIC AND SOCIAL COUNCIL, OFFICIAL RECORDS _9326151 |
||
| 942 |
_hVIN45,933:8.N64, K4/UN _cGB _2CC |
||
| 999 |
_c638988 _d638988 |
||